| 000 | 00700nam a2200193Ii 4500 | ||
|---|---|---|---|
| 003 | JO-AjNU | ||
| 008 | 230605s9999||||xx |||||||||||||| ||und|| | ||
| 040 |
_aJO-AjNU _bara _erda _cJO-AjNU |
||
| 041 | _aara | ||
| 050 | 1 | 4 | _aPJ7541.Y3 1973 |
| 100 | 3 |
_aاليازجي، كمال, _eauthor _934483 |
|
| 245 | 0 | 0 | _aفي الشعر العربي القديم: الحلقة الثانية، النوازع الخلقية |
| 264 | 3 | 1 | _aبيروت: دار الكتاب اللبناني، 1973 |
| 300 | _a205ص | ||
| 336 |
_atext _btxt _2rdacontent |
||
| 337 |
_aunmediated _bn _2rdamedia |
||
| 338 |
_avolume _bnc _2rdacarrier |
||
| 650 | 4 |
_aالشعر العربي القديم - تاريخ ونقد _934484 |
|
| 999 |
_aA14144 _c17712 _d17712 |
||